MARC

LEADER 00000nam0a2200000 4500
001 312689
005 20260217172935.0
020 |a RU  |b 82-38797 
035 |a (RuTPU)RU\TPU\book\338059 
090 |a 312689 
100 |a 20151225d1982 km y0rusy5003 ca 
101 0 |a rus 
102 |a RU 
105 |a a z 001zy 
200 1 |a Февральская буржуазно-демократическая революция 1917 г. в России  |f И. М. Пушкарева  |g Академия наук СССР (АН СССР), Институт истории СССР 
210 |a Москва  |c Наука  |d 1982 
215 |a 320 с.  |c ил. 
320 |a Библиография в ссылках. 
606 |7 ca  |8 rus  |a Февральская революция в России 1917  |2 stltpush  |3 (RuTPU)RU\TPU\subj\65567  |9 82069 
610 1 |a февральская буржуазно-демократическая революция 
610 1 |a предпосылки 
610 1 |a основные события 
610 1 |a итоги 
610 1 |a политические партии 
610 1 |a рабочий класс 
610 1 |a руководящие органы 
610 1 |a большевистские организации 
686 |a Т3(2)535  |2 rubbk 
700 1 |a Пушкарева  |b И. М.  |g Ирина Михайловна  |4 070 
712 0 2 |a Академия наук СССР (АН СССР)  |b Институт истории СССР  |c (1968-1991)  |c (Москва)  |2 stltpush  |3 (RuTPU)RU\TPU\col\11069 
801 0 |a RU  |b RuMRKP  |c 19950704  |g psbo 
801 1 |a RU  |b 63413507  |c 20151225 
801 2 |a RU  |b 63413507  |c 20191003  |g RCR 
942 |c BK